banner koha

Enfermidade gastroentérica e respiratória em bezerros inoculados com amostras brasileiras do vírus da diarréia viral bovina tipo 2 (BVDV-2) (Registro n. 172186)

MARC details
000 -LÍDER
campo de controle de tamanho fixo 00976nas a2200325 4500
001 - NÚMERO DE CONTROLE
campo de controle BR0205120
003 - IDENTIFICADOR DO NÚMERO DE CONTROLE
campo de controle BR-BrBNA
005 - DATA E HORÁRIO DA ÚLTIMA TRANSAÇÃO
campo de controle 20231205103315.0
007 - CAMPO FIXO DE DESCRIÇÃO FÍSICA--INFORMAÇÃO GERAL
campo de controle de tamanho fixo ta
008 - CAMPO DE DADOS FIXOS--INFORMAÇÃO GERAL
campo de controle de tamanho fixo 230509b bl.|||p| |||| 00| 00por d
040 ## - FONTE DA CATALOGAÇÃO
Instituição da catalogação original BR-BrBNA
Idioma da catalogação por
Instituição que transcreveu o registro Biblioteca Nacional de Agricultura
041 ## - CÓDIGO DE IDIOMA
Código do idioma do texto/trilha sonora ou título diferente (Pt)
072 ## - CÓDIGO DE CATEGORIA DE ASSUNTO
Código de Categoria de Assunto L73
100 1# - ENTRADA PRINCIPAL--NOME PESSOAL
Nome pessoal Brum, M.C.
100 1# - ENTRADA PRINCIPAL--NOME PESSOAL
Nome pessoal Scherer, C.F.C.
100 1# - ENTRADA PRINCIPAL--NOME PESSOAL
Nome pessoal Flores, E.F.
100 1# - ENTRADA PRINCIPAL--NOME PESSOAL
Nome pessoal Weiblen, R.
100 1# - ENTRADA PRINCIPAL--NOME PESSOAL
Nome pessoal Barros, C.S.L. de
100 1# - ENTRADA PRINCIPAL--NOME PESSOAL
Nome pessoal Langohr, I.M.
245 1# - TÍTULO
Título Enfermidade gastroentérica e respiratória em bezerros inoculados com amostras brasileiras do vírus da diarréia viral bovina tipo 2 (BVDV-2)
650 ## - ASSUNTO--TERMO TÓPICO
Cabeçalho tópico ou nome geográfico BEZERRO
650 ## - ASSUNTO--TERMO TÓPICO
Cabeçalho tópico ou nome geográfico BOVINO
650 ## - ASSUNTO--TERMO TÓPICO
Cabeçalho tópico ou nome geográfico DIARRÉIA
650 ## - ASSUNTO--TERMO TÓPICO
Cabeçalho tópico ou nome geográfico VIRUS
650 ## - ASSUNTO--TERMO TÓPICO
Cabeçalho tópico ou nome geográfico DOENÇA ANIMAL
650 ## - ASSUNTO--TERMO TÓPICO
Cabeçalho tópico ou nome geográfico VETERINÁRIA
773 0# - ENTRADA ANALÍTICA
Título Ciência Rural (Brazil)
ISSN - International Standard Serial Number ISSN 0103-8478
Partes relacionadas (Sep-Oct 2002), v. 32(5) p. 813-820
Número de controle do registro BR0205120
909 ## -
-- 202311
-- Lúcia
-- 55
-- Lúcia Elande
942 ## - ELEMENTOS DE ENTRADA ADICIONADOS (KOHA)
Fonte da classificação ou esquema de arquivamento na estante Classificação AGRIS
Ocultar no OPAC Não
Tipo de material Koha Analítica
Exemplares
Situação do descarte Fonte da classificação ou esquema de arquivamento na estante Situação física Não pode ser emprestado Biblioteca de origem Biblioteca atual Localização na estante Enumeração do periódico / cronologia Total de empréstimos Data de último acesso Número do exemplar Tipo de material Koha Fonte de aquisição
  Classificação AGRIS   Consulta local Biblioteca Nacional de Agricultura - Binagri Biblioteca Nacional de Agricultura - Binagri   (Sep-Oct 2002), v. 32(5) p. 813-820   29/11/2023 01 Periódicos Portaria Interministerial nº 164/94

BINAGRI

Telefone: (61)3218-2567/2388/3357/2097 - binagri@agro.gov.br

Ministério da Agricultura e Pecuária , Esplanada dos Ministérios, Bloco D, Anexo B, Brasília/DF, CEP: 70.043-900